000 00460nam a2200193Ia 4500
001 11748
003 GE_BSU
008 181216s||||||||xx |||||||||||||| ||und||
020 _a9780575094031
040 _cGE_BSU
080 _a821.111-312.4
100 _aRowen,Michelle
245 _aImmortality Bites Lady and The Vamp
260 _aGreat Britain
260 _c2010
300 _a344p.20cm.
653 _aImmortality Bites Lady and The Vamp
942 _cBK
999 _c44927
_d44927